000 00504cam a2200205ua 4500
001 8812
005 20260515114359.0
008 150214n ii |||gr||||Z||||||eng
040 _cMAIN
041 _aeng
082 _a822.33
100 _aKhandel wal, K. N.,
_eEditor.
245 1 _aWilliam Shakespeare as you like it
_cEdited by K . N. Khandelwal
250 _a1st.
260 _aAgra:
_bLakshmi,
_c1974.
300 _a338p.
653 _aEnglish drama
653 _aShakespeare drama
942 _cBK
999 _c7900
_d7900